LEADER 01577nam a2200313 i 4500 001 000000157559 003 CaOOAMICUS 005 20070111000000.0 008 070111s1989 it u000 u ita u 013 $a134915 020 $a88-09-20725-4 040 $aSeMil$bita 100 1 $aEkman, Paul.$0(OLS)http://semarc/name/51432 240 10$aTelling lies : clues to deceit in the marketplace, politics, and marriage.$0(OLS)http://semarc/title/231066 245 12$aI volti della menzogna :$bgli indizi dell'inganno nei rapporti interpersonali, negli affari, nella politica, nei tribunali /$cPaul Ekman ; Presentazione di Pio Enrico Ricci Bitti. 260 $aFirenze :$bGiunti,$c1989. 300 $aVIII, 218 p. :$bill. ;$c23 cm. 490 0 $aSaggi Giunti 650 4$aRelazioni umane - Psicologia.$0(OLS)http://semarc/subject/6988 650 4$aPsicologia delle emozioni.$0(OLS)http://semarc/subject/30839 700 1 $aRicci Bitti, Pio Enrico.$0(OLS)http://semarc/name/61497 700 1 $aNoferi, Gabriele.$0(OLS)http://semarc/name/25280 830 0$aSaggi Giunti.$0(OLS)http://semarc/title/11333 850 $aSeMil 852 $aSeMil$W1$xVenegono$y1$m2O III 363$j109243$B109243$CSeMilBibl$Z2$F118927 $81 961 $aOmaggio: D'Alessio don Davide 996 $6020$a88-09-20725-4$9(OLS)http://semarc/number/147895 996 $6245$aI volti della menzogna :$bgli indizi dell'inganno nei rapporti interpersonali, negli affari, nella politica, nei tribunali$9(OLS)http://semarc/title/231065 996 $6260$aFirenze :$bGiunti$9(OLS)http://semarc/publisher/30127 LEADER 01251nas a2200289 i 4500 001 000000171127 003 CaOOAMICUS 005 20090205000000.0 008 080416b2008 gw uu u0 0ger r 013 $a148551 040 $aSeMil$bita 245 10$a2008 /$cIn Gemeinschaft mit Christian Grethlein ... [et al.] ; herausgegeben von Michael Beintker. 260 $aTübingen :$bMohr Siebeck,$ccopyr. 2008. 300 $a510, IV p. ;$c23 cm. 500 $aArticoli con sintesi in inglese [Summary] in coda. - Frontespizio del vol. in coda all'ultimo fascicolo. 700 1 $aBeintker, Michael,$d<1947- >.$0(OLS)http://semarc/name/42430 700 1 $aGrethlein, Christian.$0(OLS)http://semarc/name/42429 773 0 $tZeitschrift für Theologie und Kirche.$dFreiburg : Mohr, 1891.$x0044-3549$w()3145 774 0 $t[SENZA TITOLO].$w()268557 774 0 $t[SENZA TITOLO].$w()269185 774 0 $t[SENZA TITOLO].$w()269748 774 0 $t[SENZA TITOLO].$w()270166 850 $aSeMil 852 $aSeMil$W1$xVenegono$y1$m158 5 37$j122002$B122002$CSeMilBibl$Z2$F139135 $85 961 $aAbbonamento: Mohr Siebeck 996 $6245$a2008$9(OLS)http://semarc/title/241412 996 $6260$aTübingen :$bMohr Siebeck$9(OLS)http://semarc/publisher/30329